| 000 | 00987nam a2200205Ia 4500 | ||
|---|---|---|---|
| 001 | 6554 | ||
| 008 | 260430s9999 xx 000 0 und d | ||
| 020 | _a9781590201077 | ||
| 245 | 0 |
_aIn the Footsteps of Abraham: _bThe Holy Land in Hand-Painted Photographs/ _cRichard Hardiman, Helen Speelman |
|
| 260 |
_aNY; Woodstuck and London; _bOverlook Duckworth, Peter Mayer Publishers; _c2008 |
||
| 300 |
_a384p; _c29x30cm |
||
| 520 | _aA visual and historical exploration of the Holy Land through early 20th-century photographs, many hand-colored from glass lantern slides commissioned by Ari Speelman. The work documents landscapes, religious sites, and diverse communities, reflecting the region’s significance to the Abrahamic faiths and its pre-modern transformation. | ||
| 546 | _aEnglish | ||
| 648 |
_a1900BCE _99389 |
||
| 650 |
_aProphet Ibrahim _99390 |
||
| 650 | _aTR624-835 Technology- Applied Photography | ||
| 650 |
_aTravels _99391 |
||
| 651 |
_aLevant _93306 |
||
| 942 | _cBK | ||
| 999 |
_c6554 _d6554 |
||